1818 1290 1504 1896 1143 1280 1178 1533 1755 1613 1805 1907 1045 1440 1045 1855 1966 1504 1830 1228 1056 1497 1210 1670 1697 1762 1240 1846 1479 1397 1694 1388 1397 1129 1291 1199 1867 1581 1725 1040 1534 1925 1471 1059 1055 1474 1709 1409 1754 1331 1896 1392 1226 1840 1224 1373 1683 1533 1067 1104 1049 1873 1442 1865 1820 1240 1726 1479 1606 1904 1198 1589 1575 1036 1715 1766 1720 1523 1921 1357 1583 1456 1230 1261 1253 1667 1441 1333 1378 1659 1510 1858 1062 1392 1769 1724 1347 1661 1115 BCNSPRNW ULIB Ver.6.0+V

เปลี่ยนเป็นภาษาไทย

Change to English
 แสดงรายละเอียดบรรณานุกรม
  กลับหน้าหลัก

Brief Record : Get Marc (ISO 2709) : E-mail record : QR code < ปิดหน้าต่าง
LEADER : 00000nam 2200000uu 4500
001    13399112493
003     ULIB
008    110627s2552||||th 000 0 tha d
020    9786160600205
090    นว.^bช527พ 2552
100 0  ชาลีน
245 00 พันธะสองหัวใจ/^cชาลีน
250    พิมพ์ครั้งที่ 2
260    กรุงเทพฯ :^bแจ่มใส,^c2552
300    389 หน้า
710 1  แจ่มใส
945    ^p229^l0^i026735
995    ทศพร
999 ^a ใช้งานได้ทุกระบบ
รายการนี้ยังไม่มีแท็ก
คุณยังไม่ได้ล็อกอิน คุณสามารถมีกิจกรรมร่วมกับเว็บไซต์ได้ แต่ต้องล็อกอินก่อน ::
  ล็อกอิน

รายการสื่อสารสนเทศ

ลำดับที่ ประเภท เลขเรียก/บาร์โค้ด สถานที่ สถานะ
- ไม่พบข้อมูล -

BibComment


ยังไม่เคยถูกคอมเมนท์

คอมเมนท์ทรัพยากรรายการนี้
  คอมเมนท์: พันธะสองหัวใจ ชาลีน


 Copyright 2026. Bcnsprnw @Library